000 01197nam a2200325 c 4500
003 BLK
005 20250619090208.0
008 180408b bul|||||r ||||||| ||bul||
010 _aKNG00084871000
020 _a978-954-585-936-6
_bиздат.: Бард
040 _aBLK
041 _aBUL
_cBUL
080 _aАмериканска литература (на САЩ)
_b821.111(73)
_x-312.4
_z821.111(73)-312.4
100 1 _aКорнуел, Патриша Д.
_eпърви автор
_9243055
700 1 _aБотева, Ралица
_eпрев. от англ.
_9365567
139 _aКорнуел, Патриша Д.
_bК 85
245 1 0 _aКнигата на мъртвите
_cПатриша Д. Корнуел; прев. от англ. Ралица Ботева.
257 _aUSA
260 София
_bБард
_c2008
300 _a444 с.
_c20 см
380 _aX
490 1 _aКралете на трилъра
500 _aОриг. загл. Book of the Dead / Patricia Cornwell
852 _aЦб 240765
856 4 _qpdf
_u
856 4 _qpdf
_u
942 _cKNG
_n0
_064
944 _aCR
_c18.08.2008
_k30575
_lМартин Енчев
944 _aED
_c02.11.2009
_k
999 _c80386
_d80386